| 000 | 00880nam a2200241Ia 4500 | ||
|---|---|---|---|
| 003 | OSt | ||
| 005 | 20220923221547.0 | ||
| 006 | a|||||r|||| 00| 0 | ||
| 007 | ta | ||
| 008 | 220922b |||||||| |||| 00| 0 hin d | ||
| 024 | _a198,228 | ||
| 037 | _cTextual | ||
| 040 |
_aARTS _cARTS _bhin |
||
| 041 |
_2hin _ahin |
||
| 082 | _aP152.255, K9 | ||
| 100 |
_aमहरोत्रा, रमेश चन्द्र; शुक्ल, हीरा लाल, संपा. _9165456 |
||
| 245 | 0 | _aभाषिकी के दस लेख | |
| 246 | _aBhāṣhikī ke das lekha | ||
| 260 |
_aरायपुर _b आलोक प्रका0 _c1969 |
||
| 300 |
_a94पृ. _ccm. |
||
| 942 |
_hP152.255, K9 _cTEXL _2CC |
||
| 999 |
_c350074 _d350074 |
||